LDR 00981nam a2200217 i 4500 001 000000184618 003 CaOOAMICUS 005 20100113000000.0 008 100113s1905 it u000 u ita u 013 $a162600 040 $aSeMil$bita 100 1 $aFiori, Annibale.$0(OLS)http://semarc/name/67825 245 13$aIl Cristo della storia e delle Scritture :$brisposta al libro di Milesbo Gesù Cristo non e mai esistito /$cAnnibale Fiori. 260 $aRoma :$bE. Voghera,$c1905. 300 $aXV, 279 p. ;$c19 cm. 600 04$aGesù Cristo.$0(OLS)http://semarc/subject/712 650 4$aGesù Cristo - Storicità.$0(OLS)http://semarc/subject/4538 850 $aSeMil 852 $aSeMil$W1$xVenegono$y1$m2X I 95$j135314$B135314$CSeMilBibl$Z2$F146877 $81 996 $6245$aIl Cristo della storia e delle Scritture :$brisposta al libro di Milesbo Gesù Cristo non e mai esistito$9(OLS)http://semarc/title/265053 996 $6260$aRoma :$bE. Voghera$9(OLS)http://semarc/publisher/33310